Funȯ̂ Ambiental da Propriedade Rural e dos Contratos Agrr̀ios

Detalles Bibliográficos
Autor principal: Portella Ceresř, Cassiano
Formato: Libro
Lenguaje:portugués
Publicado: Brasil LEUD 2013
Materias:
Acceso en línea:Acceso restringido

MARC

LEADER 00000nam a22000007a 4500
005 20160413131247.0
007 cr|||| ||u|
008 160413s2013 bl ||||| |||| 00||0 por d
020 |a 978-85-7456-282-7 
035 |a 14092 
040 |a vlex  
090 |c 5984  |d 5984 
100 1 |a Portella Ceresř, Cassiano  
245 1 0 |a Funȯ̂ Ambiental da Propriedade Rural e dos Contratos Agrr̀ios  |h [Recurso electrn̤ico] /  |c Cassiano Portella Ceresř  
256 |a Servicio en ln̕ea  
260 |a Brasil   |b LEUD  |c 2013 
300 |a 1 recurso electrn̤ico  
506 1 |a Contenido solo disponible en los productos indicados   |d vLex Global  |d vLex Global (Academic Edition, excluding Law Schools)  |d vLex Global (U.S. Academic Edition, Law Schools)  |d vLex Global (U.S. Academic Edition, excluding Law Schools)  |d vLex Global (Academic Edition, Law Schools) 
650 0 4 |a Derecho  |z Brasil  
740 0 |a vLex libros (servicio en ln̕ea)  
856 4 0 |u http://vlex.com/source/fun-o-ambiental-propriedade-rural-contratos-agrarios-14092  |z Acceso restringido  
942 |c BOOK 
999 0 |a Law  |b Brasil